000 00960nas a2200325 4500
001 BR0000935
003 BR-BrBNA
005 20231205101717.0
007 ta
008 230509b bl.|||p| |||| 00| 00por d
040 _aBR-BrBNA
_bpor
_cBiblioteca Nacional de Agricultura
041 _a(Pt)
072 _aQ54; L51
100 1 _aPossenti, R.A.
100 1 _aMelotti, L.
100 1 _aBraun, G.
100 1 _aCastro, A.L. de
100 1 _aArcaro, J.P.
100 1 _aDemarchi, J.J.A. de A. de
245 1 _aValor nutritivo da fibra do grao de milho e do feno de coast cross - digestibilidade (aparente)com ovinos
650 _aMilho
650 _aFibra Vegetal
650 _aFeno
650 _aValor Nutritivo
650 _aDigestibilidade
650 _aOvino
773 0 _tBoletim de Industria Animal (Brazil)
_xISSN 0067-9615
_g(1998), v. 55(2) p. 143-150
_wBR0000935
909 _a202311
_bLúcia
_c55
_dLúcia Elande
942 _2AGRIS
_n0
_cANA
999 _c163421
_d163421